| 000 | 00341nam a22001457a 4500 | ||
|---|---|---|---|
| 020 | _a9788184896404 | ||
| 082 |
_a519.02462 _bRAO/PR |
||
| 100 |
_aRao, M.M. _9941 |
||
| 100 |
_aSwift, Randall, _9942 |
||
| 245 | _aProbability Theory with Applications | ||
| 250 | _a2 nd | ||
| 260 |
_aNew York _bSpringer _c2006 |
||
| 300 | _a527 | ||
| 942 | _cBK | ||
| 999 |
_c14541 _d14541 |
||